Państwa według herbów i godeł #1 - Statystyki

Ogólne statystyki
  • Ten quiz został rozwiązany 13 647 razy
  • Średni wynik to 12 z 18
Statystyki odpowiedzi
Obrazkowy Odpowiedź % Poprawnych
Korea Południowa
97%
Stany Zjednoczone
97%
Niemcy
96%
Islandia
94%
Hiszpania
92%
Chiny
90%
Grecja
84%
Nepal
82%
Izrael
77%
Iran
72%
Tajwan
63%
Mongolia
49%
Irlandia
45%
Afganistan
41%
Laos
39%
Bangladesz
26%
Malezja
26%
Papua-Nowa Gwinea
15%
Nie znaleziono quizów pasujących do podanych kryteriów
Rozkład punktacji
Procent ludzi z każdym wynikiem
Percentyl według liczby udzielonych odpowiedzi
Twoja historia wyników
Nie rozwiązałeś tego quizu